[Event "ARG-ch Amateur"]
[Site "Termas de Rio Hondo"]
[Date "2019.11.17"]
[Round "5"]
[White "Estanguet, Franco"]
[Black "Daneri, Martin"]
[Result "1-0"]
[WhiteElo "2180"]
[BlackElo "2038"]
[PlyCount "79"]
[EventDate "2019.11.15"]
[EventType "swiss"]
[EventRounds "7"]
[EventCountry "ARG"]
[SourceTitle "CBM 193 Extra"]
[Source "ChessBase"]
[SourceDate "2020.01.31"]
[SourceVersion "1"]
[SourceVersionDate "2020.01.31"]
[SourceQuality "1"]

1. c4 e5 2. Nc3 Nc6 3. g3 Bb4 4. Nd5 a5 5. Bg2 Nge7 6. e4 d6 7. Ne2 0-0 8. 0-0 Bc5 9. Kh1 Nd4 10. Nxd4 Bxd4 11. d3 c6 12. Nxe7+ Qxe7 13. Qe2 f5 14. f4 Bd7 15. Be3 Bxe3 16. Qxe3 exf4 17. Rxf4 g5 18. Rf2 Rae8 19. Raf1 d5 20. cxd5 cxd5 21. Qd4 dxe4 22. dxe4 Bc6 23. exf5 Bxg2+ 24. Kxg2 Qe4+ 25. Qxe4 Rxe4 26. Rd1 Rb4 27. h3 h5 28. Rd5 b6 29. f6 g4 30. Rxh5 gxh3+ 31. Kxh3 Kf7 32. Rh7+ Kg6 33. Rg7+ Kh6 34. Rg4 Rb5 35. f7 Kh7 36. Kh4 Rd5 37. Rf6 b5 38. Rg5 Rxg5 39. Kxg5 Kg7 40. Rg6+ 1-0

[Event "ARG-ch Amateur"]
[Site "Termas de Rio Hondo"]
[Date "2019.11.17"]
[Round "6"]
[White "Salvatti, Diego"]
[Black "Estanguet, Franco"]
[Result "0-1"]
[WhiteElo "2059"]
[BlackElo "2180"]
[PlyCount "80"]
[EventDate "2019.11.15"]
[EventType "swiss"]
[EventRounds "7"]
[EventCountry "ARG"]
[SourceTitle "CBM 193 Extra"]
[Source "ChessBase"]
[SourceDate "2020.01.31"]
[SourceVersion "1"]
[SourceVersionDate "2020.01.31"]
[SourceQuality "1"]

1. d4 g6 2. Bf4 Bg7 3. e3 Nf6 4. Nf3 0-0 5. Be2 d6 6. Nbd2 Nc6 7. 0-0 h6 8. h3 Nd7 9. Bh2 e5 10. c3 f5 11. b4 Qe8 12. Qb3+ Kh8 13. b5 Nd8 14. Rfc1 g5 15. Qd1 e4 16. Ne1 Nf6 17. c4 f4 18. Nc2 Qg6 19. f3 exf3 20. Bxf3 h5 21. Be2 fxe3 22. Nxe3 g4 23. hxg4 Nxg4 24. Ndf1 Ne6 25. Bxg4 hxg4 26. Nc2 Rxf1+ 27. Kxf1 g3 28. Bg1 Bd7 29. Ne1 Rf8+ 30. Nf3 Ng5 31. Rc3 Bg4 32. a4 Ne4 33. Rd3 Qh5 34. Qe2 Qh1 35. a5 Bxd4 36. Rxd4 Bxf3 37. gxf3 Rxf3+ 38. Qxf3 Qxf3+ 39. Ke1 g2 40. Bf2 Qxf2+ 0-1

[Event "ARG-ch Amateur"]
[Site "Termas de Rio Hondo"]
[Date "2019.11.16"]
[Round "3"]
[White "Estanguet, Franco"]
[Black "Villarreal, Agustin"]
[Result "0-1"]
[WhiteElo "2180"]
[BlackElo "1978"]
[PlyCount "128"]
[EventDate "2019.11.15"]
[EventType "swiss"]
[EventRounds "7"]
[EventCountry "ARG"]
[SourceTitle "CBM 193 Extra"]
[Source "ChessBase"]
[SourceDate "2020.01.31"]
[SourceVersion "1"]
[SourceVersionDate "2020.01.31"]
[SourceQuality "1"]

1. e4 e5 2. Nc3 Nc6 3. g3 g6 4. Bg2 Bg7 5. Nge2 d6 6. 0-0 Nf6 7. h3 0-0 8. d4 Nxd4 9. Nxd4 exd4 10. Qxd4 Be6 11. Qd2 Qd7 12. Kh2 Rae8 13. f4 Qc8 14. Qf2 b6 15. Bd2 Bc4 16. Rfe1 Nd7 17. f5 f6 18. b3 Ba6 19. h4 Ne5 20. Bh3 gxf5 21. Bxf5 Ng4+ 22. Bxg4 Qxg4 23. Qf5 Bc8 24. Qxg4 Bxg4 25. Rac1 Rf7 26. Kg2 Rfe7 27. Nd5 Rxe4 28. Rxe4 Rxe4 29. Re1 Rd4 30. Ne7+ Kf7 31. Bc3 Rd1 32. Rxd1 Bxd1 33. Nd5 c6 34. Ne3 Be2 35. Kf2 Ba6 36. Nf5 Bf8 37. Bd2 Bc8 38. Nd4 Bd7 39. Ne2 d5 40. Nf4 Bf5 41. c3 Bb1 42. a4 Bc2 43. b4 Bxa4 44. Be3 Bb5 45. Nh5 Be7 46. g4 c5 47. bxc5 Bxc5 48. Nf4 Bc4 49. Bd4 Bxd4+ 50. cxd4 a5 51. Ke3 a4 52. Kd2 a3 53. Kc1 a2 54. Kb2 b5 55. Ka1 b4 56. Kb2 b3 57. Ka1 Ke7 58. Kb2 Kd6 59. Nh5 Ke6 60. Nf4+ Ke7 61. Ka1 Kd6 62. Kb2 Kc6 63. h5 Kb5 64. h6 Kb4 0-1

[Event "Mar del Plata op 50th"]
[Site "Mar del Plata"]
[Date "2019.04.20"]
[Round "9"]
[White "Benedetti, Julio"]
[Black "Estanguet, Franco"]
[Result "1-0"]
[WhiteElo "2281"]
[BlackElo "2153"]
[PlyCount "133"]
[EventDate "2019.04.13"]
[EventType "swiss"]
[EventRounds "9"]
[EventCountry "ARG"]
[SourceTitle "CBM 190 Extra"]
[Source "ChessBase"]
[SourceDate "2019.07.15"]
[SourceVersion "1"]
[SourceVersionDate "2019.07.15"]
[SourceQuality "1"]

1. e4 d6 2. d4 g6 3. Nf3 Bg7 4. Be2 Nc6 5. Nc3 e5 6. Bg5 f6 7. Be3 Nh6 8. h3 Nf7 9. g4 Ng5 10. d5 Nxf3+ 11. Bxf3 Ne7 12. h4 Bd7 13. Qd2 h6 14. h5 g5 15. Be2 Kf7 16. f3 a6 17. a4 b6 18. Kf2 Qb8 19. Bd3 Rd8 20. Qe2 Qb7 21. Bc4 Bf8 22. Rhd1 Kg7 23. Kg3 Kh8 24. b3 Kg7 25. Qf2 Rdb8 26. Bf1 Nc8 27. Na2 Ne7 28. Be2 Qc8 29. Nb4 a5 30. Na2 Ng8 31. Qf1 Be7 32. Nc3 Bd8 33. Bb5 Ne7 34. Bf2 Kf8 35. Qd3 Ke8 36. Nb1 Kf8 37. Nd2 Ke8 38. Nc4 Bxb5 39. axb5 Qd7 40. Ra4 Kf8 41. Ne3 Kf7 42. Rda1 Qc8 43. R1a2 Kf8 44. Qc3 Qd7 45. Qc4 Qc8 46. Qf1 Ke8 47. Nc4 Kf8 48. Nb2 Kf7 49. Nd3 Kg7 50. Qa1 Kf8 51. c4 Kf7 52. Be1 f5 53. exf5 Nxf5+ 54. gxf5 Qxf5 55. Nf2 e4 56. fxe4 Qf4+ 57. Kg2 g4 58. Nh1 Bf6 59. Qb1 Qf3+ 60. Kg1 g3 61. e5 Bxe5 62. Qh7+ Kf6 63. Qg6+ Ke7 64. Qe6+ Kd8 65. c5 Qe3+ 66. Kg2 c6 67. Rg4 1-0

[Event "ARG-ch U2300"]
[Site "Tacuari"]
[Date "2018.11.19"]
[Round "7"]
[White "Tomeo, Nicolas"]
[Black "Estanguet, Franco"]
[Result "0-1"]
[WhiteElo "2092"]
[BlackElo "2163"]
[PlyCount "64"]
[EventDate "2018.11.16"]
[EventType "swiss"]
[EventRounds "7"]
[EventCountry "ARG"]
[SourceTitle "EXT 2020"]
[Source "ChessBase"]
[SourceDate "2019.10.17"]
[SourceVersion "1"]
[SourceVersionDate "2019.10.17"]
[SourceQuality "1"]

1. d4 g6 2. Nf3 Bg7 3. c4 d6 4. g3 Nc6 5. Bg2 e5 6. dxe5 Nxe5 7. 0-0 Ne7 8. Nxe5 Bxe5 9. Qc2 0-0 10. Nc3 c6 11. Bg5 Be6 12. Bxe7 Qxe7 13. b3 f5 14. e3 g5 15. f4 gxf4 16. exf4 Bd4+ 17. Kh1 Qf6 18. Rac1 Rad8 19. Ne2 Be3 20. Rcd1 d5 21. cxd5 Bxd5 22. Nc3 Bf7 23. Rfe1 Bd4 24. Ne2 Bf2 25. Rxd8 Rxd8 26. Rf1 Bb6 27. Ng1 Bd5 28. Nf3 Be4 29. Qc4+ Kg7 30. Ng5 Bd3 31. Qe6 Bxf1 32. Bxf1 h6 0-1

[Event "ARG-ch sf U2300 Collo Memorial"]
[Site "Murphy"]
[Date "2018.06.09"]
[Round "2.1"]
[White "Estanguet, Franco"]
[Black "Mizzau, Pablo"]
[Result "1-0"]
[WhiteElo "2158"]
[BlackElo "1991"]
[PlyCount "45"]
[EventDate "2018.06.09"]
[EventType "swiss"]
[EventRounds "6"]
[EventCountry "ARG"]
[SourceTitle "EXT 2024"]
[Source "ChessBase"]
[SourceDate "2023.10.10"]
[SourceVersion "1"]
[SourceVersionDate "2023.10.10"]
[SourceQuality "1"]

1. c4 e6 2. Nc3 d5 3. d4 Nf6 4. cxd5 exd5 5. Bg5 Be7 6. e3 0-0 7. Bd3 c6 8. Nge2 Nbd7 9. Qc2 Re8 10. 0-0 Nf8 11. f3 Ng6 12. Rad1 Be6 13. h3 Rc8 14. e4 dxe4 15. fxe4 c5 16. Bb5 Bd7 17. Bxf6 gxf6 18. dxc5 Bxc5+ 19. Kh1 Ne5 20. Bxd7 Nxd7 21. Qd3 Rc7 22. Nb5 Re7 23. Qg3+ 1-0